00466nam a2200193Ia 4500003000900000008004100009040001300050040001300063041000800076100002100084245007200105250001100177260001600188260000900204300001100213300001200224490002700236490000900263IT-RoPAU120407s9999 xx 000 0 und d aIT-RoPAU cIT-RoPAU aita aGiorgio Morpurgo aCapire l’evoluzione. Argomenti di genetica e biologia molecolare. aTorino aBoringhieri c1975 a273 p. c19,5 cm aUniversale scientifica v1122